Zwischen Vitalität und Aufgabe: Dynamische Aspekte in der Sprache der deutschen Minderheit in Ungarn

Titel: Zwischen Vitalität und Aufgabe: Dynamische Aspekte in der Sprache der deutschen Minderheit in Ungarn / Elisabeth Knipf-Komlósi, Marta Müller
Verfasser: ;
In: Bundesinstitut für Kultur und Geschichte der Deutschen im Östlichen Europa: Jahrbuch des Bundesinstituts für Kultur und Geschichte der Deutschen im Östlichen Europa, Band 26 (2018), Seite 51-67
alle Artikel anzeigen Sprache, Band 26 (2018), Seite 51-67
alle Artikel anzeigen
Veröffentlicht: 2018
Umfang: 1 Tabelle, 1 Karte
Format: Aufsatz
Sprache: Deutsch
Schlagworte:
Kein Bild verfügbar
X
alg: 50488553
001A    $03025:10-02-23 
001B    $03025:27-08-25 $t12:36:43.000 
001D    $03025:10-02-23 
001U    $0utf8 
001X    $00 
002@    $0Aou 
002C    $aText $btxt $2rdacontent 
002D    $aohne Hilfsmittel zu benutzen $bn $2rdamedia 
002E    $aBand $bnc $2rdacarrier 
003@    $0504885537 
007A    $0504885537 $aHEB 
010@    $ager 
010E    $erda 
011@    $a2018 
021A    $aZwischen Vitalität und Aufgabe: Dynamische Aspekte in der Sprache der deutschen Minderheit in Ungarn $hElisabeth Knipf-Komlósi, Marta Müller 
028A    $BVerfasser $#Knipf-Komlósi, Erzsébet $#Knipf, Elisabeth $#Knipf, Erzsébet $#Komlósi, Erzsébet Knipf- $4aut $71053150792 $8Knipf-Komlósi, Elisabeth$Z1952- [Tp1] $9342822756 
028C    $BVerfasser $4aut $71136149139 $8Müller, Márta$Z1973- [Tp3] $9404882501 
031A    $d26 $h51-67 $j2018 
034M    $a1 Tabelle, 1 Karte 
039B    $aEnthalten in $8--Abvc--Bundesinstitut für Kultur und Geschichte der Deutschen im Östlichen Europa [Tb1]. Jahrbuch des Bundesinstituts für Kultur und Geschichte der Deutschen im Östlichen Europa. - München : de Gruyter Oldenbourg, [2011-2018]. - ISSN 2193-6730 $x201800000260000949 $9284808369 
039B    $aEnthalten in $8--Aau--. Sprache. - München : De Gruyter Oldenbourg, [2018]. - 302 Seiten. - Diagramme, Tabellen, Karten. - ISBN 978-3-11-047672-9 $9446537985 
044K    $RÖsterreich-Ungarn $#Ungarn $#Ungarn $#Ungarische Räterepublik $#Königreich Ungarn $#Die @Länder der ungarischen Krone $#Transleithanien $#Magyarország $#Magyar Köztársaság $#Magyar Tanácsköztársaság $#Government of the Hungarian Republic $#Zemalja Ugarske Krune $#VNR $#Ungern $#Ungarische Republik $#Republik Ungarn $#Ungarische Volksrepublik $#Volksrepublik Ungarn $#Magyar Népköztársaság $#Hungary $#Hungarian Republic $#Hongrie $#Vengerskaja Narodnaja Respublika $#Hungarian People's Republic $#HPR Hungarian People's Republic $#République Populaire Hongroise $#Ungarische VR $#Republic of Hungary $#Vengrija $74078541-5 $8Ungarn [Tgz] $9085222712 
044K    $RSüdgermanische Sprachen $#German language $#Allemand (langue) $#Neuhochdeutsch $#Deutsche Sprache $#Hochdeutsch $74113292-0 $8Deutsch [Tsz] $9085334081 
044K    $RMinderheit $RBedrohtes Volk $REthnische Gruppe $#Minorities $#Minorités $#Minderheit $#Ethnische Minorität $#Ethnisch-kulturelle Minderheit $#Ethnische Minderheit $#Nationale Minderheiten $74039409-8 $8Nationale Minderheit [Ts1] $908510745X 
045F    $a417.7094390905 $eDDC23BSB 
045F/01 $a417.7 
045F/03 $f0905 
045F/03 $g439 

lok: 50488553 78

exp: 50488553 78 1 #EPN
201B/01 $010-02-23 $t13:57:10.000 
201C/01 $010-02-23 
201U/01 $0utf8 
203@/01 $01227349149 
208@/01 $a10-02-23 $be 
209A/01 $a/ $f000 $x00 
209A/01 $ab*p $x01 
209A/01 $aBehandelt hauptsächlich die Zeit ab der Wende $x03 
220C/01 $apgar 
244Z/01 $#Ungarn $#Ungarn $#Ungarische Räterepublik $#Königreich Ungarn $#Die @Länder der ungarischen Krone $#Transleithanien $#Magyarország $#Magyar Köztársaság $#Magyar Tanácsköztársaság $#Government of the Hungarian Republic $#Zemalja Ugarske Krune $#VNR $#Ungern $#Ungarische Republik $#Republik Ungarn $#Ungarische Volksrepublik $#Volksrepublik Ungarn $#Magyar Népköztársaság $#Hungary $#Hungarian Republic $#Hongrie $#Vengerskaja Narodnaja Respublika $#Hungarian People's Republic $#HPR Hungarian People's Republic $#République Populaire Hongroise $#Ungarische VR $#Republic of Hungary $#Vengrija $74078541-5 $8--Tgz--Ungarn $x01 $9085222712 
247C/01 $82080>Marburg/Lahn, Herder-Institut, Forschungsbibliothek, Bibliographieportal $9336309341
LEADER 00000caa a2200000 c 4500
001 504885537
003 DE-603
005 20250827123643.0
007 tu
008 230210s2018 xx |||| | u00||u|ger c
035 |a (DE-599)HEB504885537 
040 |a DE-603  |b ger  |c DE-603  |d DE-603  |e rda 
041 |a ger 
082 0 4 |8 1\u  |a 417.7094390905  |q DE-101  |2 23/BSB 
085 |8 1\u  |b 417.7 
085 |8 1\u  |z 1  |s 0905 
085 |8 1\u  |z 2  |s 439 
100 1 |a Knipf-Komlósi, Elisabeth  |d 1952-  |e Verfasser  |4 aut  |0 (DE-603)342822756  |0 (DE-588)1053150792  |2 gnd 
245 0 0 |a Zwischen Vitalität und Aufgabe: Dynamische Aspekte in der Sprache der deutschen Minderheit in Ungarn  |c Elisabeth Knipf-Komlósi, Marta Müller 
264 0 |c 2018 
300 |b 1 Tabelle, 1 Karte 
336 |a Text  |b txt  |2 rdacontent 
337 |a ohne Hilfsmittel zu benutzen  |b n  |2 rdamedia 
338 |a Band  |b nc  |2 rdacarrier 
650 7 |a Deutsch  |0 (DE-588)4113292-0  |0 (DE-603)085334081  |2 gnd 
650 7 |a Nationale Minderheit  |0 (DE-588)4039409-8  |0 (DE-603)08510745X  |2 gnd 
651 7 |a Ungarn  |0 (DE-588)4078541-5  |0 (DE-603)085222712  |2 gnd 
700 1 |a Müller, Márta  |d 1973-  |e Verfasser  |4 aut  |0 (DE-603)404882501  |0 (DE-588)1136149139  |2 gnd 
773 0 8 |i Enthalten in  |a Bundesinstitut für Kultur und Geschichte der Deutschen im Östlichen Europa  |t Jahrbuch des Bundesinstituts für Kultur und Geschichte der Deutschen im Östlichen Europa  |d München : de Gruyter Oldenbourg, [2011-2018]  |h 24 cm  |x 2193-6730  |g Band 26 (2018), Seite 51-67  |w (DE-603)284808369  |w (DE-600)2640986-0 
773 0 8 |i Enthalten in  |t Sprache  |d München : De Gruyter Oldenbourg, [2018]  |h 302 Seiten, Diagramme, Tabellen, Karten  |z 9783110476729  |g Band 26 (2018), Seite 51-67  |w (DE-603)446537985 
924 0 |9 2080  |a (DE-603)1227349149  |b DE-2080  |c HES  |d d  |g /